Städte und Gemeinden an der Weinstraße - Statistiken

Allgemein
  • Dieses Quiz wurde 17 mal gespielt
  • Das Durchschnittsergebnis liegt bei 7 aus 28
Antwortstatistiken
Hint Antwort % Korrekt
N Neustadt
94%
B Bad Dürkheim
81%
D Deidesheim
56%
G Grünstadt
50%
W Wachenheim
44%
E Edenkoben
38%
K Kallstadt
38%
K Kirchheim
38%
F Forst
31%
H Herxheim
25%
B Bockenheim
19%
M Maikammer
19%
B Bad Bergzabern
13%
G Gleisweiler
13%
R Rhodt
13%
B Birkweiler
6%
B Burrweiler
6%
E Eschbach
6%
F Frankweiler
6%
G Gleiszellen-Gleishorbach
6%
H Hainfeld
6%
K Klingenmünster
6%
L Leinsweiler
6%
O Oberotterbach
6%
P Pleisweiler-Oberhofen
6%
R Ranschbach
6%
S Schweigen-Rechtenbach
6%
S Siebeldingen
6%
Keine übereinstimmenden Quizze gefunden
Verteilung der Resultate
Anzahl Personen mit jedem Resultat
Perzentil nach korrekt beantworteten Fragen
Ihre Resultats-Entwicklung
Sie haben dieses Quiz noch nicht gespielt